Normal view
MARC view
- الاردن-حياة وعادات اجتماعية-القبائل-العادات والتقاليد-الفولكلور
Entry Topical Term
001 - CONTROL NUMBER
- control field: 62622
003 - CONTROL NUMBER IDENTIFIER
- control field: JO-AjAnu
005 - DATE AND TIME OF LATEST TRANSACTION
- control field: 20230606084228.0
008 - FIXED-LENGTH DATA ELEMENTS
- fixed length control field: 230606|| aca||aabn | a|a d
040 ## - CATALOGING SOURCE
- Original cataloging agency: JO-AjAnu
- Transcribing agency: JO-AjAnu
150 ## - HEADING--TOPICAL TERM
- Topical term or geographic name entry element: الاردن-حياة وعادات اجتماعية-القبائل-العادات والتقاليد-الفولكلور
670 ## - SOURCE DATA FOUND
- Source citation: Work cat.: (JO-AjAnu)31933: الهلال، عارف عواد, author 62621, الوسم عند القبائل الاردنية